ბათუმის შოთა რუსთაველის სახელმწიფო უნივერსიტეტის ბიბლიოთეკა

Истроия дипломатии Азербаиджанской республилики В 3-х томах. (ბიბ.ჩანაწერი № 35888)

000 -LEADER
fixed length control field 00741nam a2200229Ia 4500
001 - CONTROL NUMBER
control field 1781
003 - CONTROL NUMBER IDENTIFIER
control field GE_BSU
008 - FIXED-LENGTH DATA ELEMENTS--GENERAL INFORMATION
fixed length control field 181216s||||||||xx |||||||||||||| ||und||
020 ## - INTERNATIONAL STANDARD BOOK NUMBER
International Standard Book Number 9785080372689
040 ## - CATALOGING SOURCE
Transcribing agency GE_BSU
080 ## - UNIVERSAL DECIMAL CLASSIFICATION NUMBER
Universal Decimal Classification number 94(479.24)
100 ## - MAIN ENTRY--PERSONAL NAME
Personal name Гасанпы,Дж,П.
245 ## - TITLE STATEMENT
Title Истроия дипломатии Азербаиджанской республилики В 3-х томах.
245 ## - TITLE STATEMENT
Remainder of title т. 1 Внешняя политика Азербаиджанской Демократической Республики (1918-1920)
260 ## - PUBLICATION, DISTRIBUTION, ETC.
Place of publication, distribution, etc. Москва
260 ## - PUBLICATION, DISTRIBUTION, ETC.
Name of publisher, distributor, etc. Наука
260 ## - PUBLICATION, DISTRIBUTION, ETC.
Date of publication, distribution, etc. 2010
300 ## - PHYSICAL DESCRIPTION
Extent 574 с. 20 cм.
653 ## - INDEX TERM--UNCONTROLLED
Uncontrolled term Внешняя политила
942 ## - ADDED ENTRY ELEMENTS (KOHA)
Koha item type წიგნი
ეგზემპლარები
Withdrawn status Lost status Damaged status Not for loan Date acquired Barcode Date last seen Price effective from Koha item type
        2018-12-17 3728 2018-12-17 2018-12-17 წიგნი